Scènes de Toy Story dans le désordre - Statistiques

Statistiques générales
  • Ce quiz a été pris 754 fois
  • Le résultat moyen est 4 sur 12
Statistiques - réponses
Hint Réponse % Correct
Toy Story
66%
Toy Story
66%
Toy Story
64%
Toy Story
41%
Toy Story
34%
Toy Story
26%
Toy Story
24%
Toy Story
23%
Toy Story
23%
Toy Story
21%
Toy Story
19%
Toy Story
15%
Aucun quiz correspondant
Distribution des résultats
% des personnes avec chaque résultat
Percentile par nombre de réponses
Votre historique - résultats
Vous n’avez pas pris ce quiz